000 01061nas a2200337 4500
001 BR2013003668
003 BR-BrBNA
005 20231205122333.0
007 ta
008 230509b bl.|||p| |||| 00| 00por d
040 _aBR-BrBNA
_bpor
_cBiblioteca Nacional de Agricultura
041 _a(Pt)
072 _aL74
100 1 _aCruz, A.C.F.G.
100 1 _aMadruga, C.R.M.
100 1 _aMallmann, C.A.
100 1 _aMoreira, E.L.T.
100 1 _aBotura, M.B.B.
100 1 _aSilva, G.D.S.
100 1 _aBatatinha, M.J.M.
100 1 _a
245 1 _aInvestigação do gene p53 de frangos expostos às aflatoxinas
246 1 _aInvestigation of p53 gene in poultries exposed to aflatoxins
650 _aAFLATOXINA
650 _aFRANGO DE CORTE
650 _aGENE
773 0 _tArquivo Brasileiro de Medicina Veterinária e Zootecnia (Brazil)
_xISSN 0102-0935
_g(Dec 2012), v. 64(6) p. 1665-1672
_wBR2013003668
856 4 0 _uhttp://www.scielo.br/pdf/abmvz/v64n6/36.pdf
909 _a202311
_bLúcia
_c55
_dLúcia Elande
942 _2AGRIS
_n0
_cANA
999 _c228140
_d228140